header

College Algebra (Record no. 252806)

MARC details
000 -LEADER
fixed length control field 00524nam a22001937a 4500
003 - CONTROL NUMBER IDENTIFIER
control field OSt
005 - DATE AND TIME OF LATEST TRANSACTION
control field 20160304130608.0
008 - FIXED-LENGTH DATA ELEMENTS--GENERAL INFORMATION
fixed length control field 160304b xxu||||| |||| 00| 0 eng d
010 ## - LIBRARY OF CONGRESS CONTROL NUMBER
LC control number 2001033534
020 ## - INTERNATIONAL STANDARD BOOK NUMBER
International Standard Book Number 0321081374
040 ## - CATALOGING SOURCE
Transcribing agency N/A
050 ## - LIBRARY OF CONGRESS CALL NUMBER
Classification number QA152.3
Item number .R63 2001
100 ## - MAIN ENTRY--PERSONAL NAME
Personal name Rockswold,Gary
245 ## - TITLE STATEMENT
Title College Algebra
Remainder of title through modelling and visualization
250 ## - EDITION STATEMENT
Edition statement 2nd ed
260 ## - PUBLICATION, DISTRIBUTION, ETC. (IMPRINT)
Place of publication, distribution, etc Boston
Name of publisher, distributor, etc Pearson Education,inc./Adison & Wesley
Date of publication, distribution, etc c2002
300 ## - PHYSICAL DESCRIPTION
Extent xix,(various pagings)
Other physical details ill
942 ## - ADDED ENTRY ELEMENTS (KOHA)
Source of classification or shelving scheme Library of Congress Classification
Koha item type Long Loan Books
Holdings
Withdrawn status Lost status Source of classification or shelving scheme Damaged status Not for loan Collection code Home library Current library Shelving location Date acquired Total Checkouts Full call number Barcode Date last seen Date checked out Price effective from Koha item type
    Library of Congress Classification     Non-fiction Rongo University Library Rongo University Library General Stacks 04/03/2016 7 QA152.3 .R63 2001 201610700 08/03/2024 20/02/2024 04/03/2016 Long Loan Books

© 2026 Rongo University
Contact us: librarian | system librarian | Rongo university